| 000 | 01577nam a22002777a 4500 | ||
|---|---|---|---|
| 008 | 130116t mp ||||| |||| 00| 0 mon d | ||
| 041 |
_amon _hmon |
||
| 084 |
_2other _a28.693.36 _bН-29 _q6 |
||
| 100 | 1 | _aНаранбаатар Г. | |
| 110 |
_aБФ-Амьтан судлалын тэнхим _bМонгол Улсын Их Сургууль |
||
| 240 | _aМУИС-ийн дотоод сүлжээнээс электрон байдлаар харж болно. | ||
| 245 | 1 |
_aАр өнжүүлийн салбар уулсын ховор хөхтөн амьтад, хамгаалах арга зам.- _bМагистрын ажил: Е 420203 _cУдир.Батсайхан Н., Шүүмж. Шар С. |
|
| 260 |
_aУБ _c2008 |
||
| 300 | _a51 хууд. | ||
| 500 | _aДип-2664 | ||
| 502 | _cМонгол Улсын Их Сургууль | ||
| 520 | _aEnglish | ||
| 653 | _aбиологи | ||
| 653 | _aамьтан судлал | ||
| 653 | _aхөхтөн амьтан | ||
| 653 | _aховордсон ан амьтан | ||
| 653 | _aмагистрын дипломын ажил | ||
| 740 |
_aБайгаль, уур амьсгалын онцлог _a Хөхтөн амьтдын зүйлийн олон янз байдал _aЗүйлийн олон янз байдлыг хамгаалах арга _aБайгаль, уур амьсгалын онцлог _a Хөхтөн амьтдын зүйлийн олон янз байдал _aЗүйлийн олон янз байдлыг хамгаалах арга |
||
| 856 |
_apublic/ _d302664/index.html |
||
| 942 | _cCASS | ||
| 999 |
_c93882 _d93939 |
||